Slovenské banské múzeum - Berggericht - oddelenie geológie sprievodca po expozíciách

Bibliographic Details
Main Authors: Škrinárová, Ľubica, 1946- (Author), Smolková, Athena (Author), Čelková, Mária, 1950- (Author), Jancsy, Peter (Author, Compiler)
Other Authors: Lužina, Ľubomír, 1962- (Photographer)
Format: Book
Language:Slovak
English
PhysicalDescription:47 s. fotogr., mp., plány 21 cm
Published: Banská Bystrica Štúdio Harmony 2007
ISBN:9788089151165 (brož.)
Edition:[1. vyd.]
Subjects:

MARC

LEADER 00000nam a2200000 a 4500
001 vtls009298722
003 SK-MaSNL
005 20260301170825.0
008 080529s2007 xo obe g f 000 0 slo
015 |a SNBE2013 
020 |a 9788089151165 (brož.) 
040 |a SNK  |b slo  |c SNK  |e AACR2 
041 0 |a slo  |a eng 
043 |a e-xo--- 
044 |a xo  |c SK 
072 7 |a 069  |x Múzeá. Muzeológia. Múzejníctvo. Výstavy  |2 konspekt 
072 7 |a 55  |x Vedy o Zemi. Geologické vedy  |2 konspekt 
080 |a 069:622  |2 2001 
080 |a 55  |2 2001 
080 |a 069.5  |2 2001 
080 |a (437.6)  |2 2001 
080 |a (036)  |2 2001 
080 |a 549  |2 2001 
080 |a 069.5:549  |2 2001 
100 1 |a Škrinárová, Ľubica,  |d 1946-  |4 aut  |4 bkd  |9 60852 
245 1 0 |a Slovenské banské múzeum - Berggericht - oddelenie geológie  |b sprievodca po expozíciách  |c [koncepcia a grafický dizajn: Ľubica Škrinárová ; texty: Peter Jancsy, Athena Smolková, Mária Čelková ; zostavovateľ Peter Jancsy ; fotografie: Lubomír Lužina] 
246 1 1 |a The Slovak mining museum - Berggericht 
250 |a [1. vyd.] 
260 |a Banská Bystrica  |b Štúdio Harmony  |c 2007 
300 |a 47 s.  |b fotogr., mp., plány  |c 21 cm 
500 |a Vydané pre Slovenské banské múzeum 
500 |a Názov z obalu 
504 |a Bibliografia s. [48] 
546 |a Súbežný text angl. 
610 2 7 |a Slovenské banské múzeum.  |b Expozícia Berggericht  |2 SNKKA  |9 126168 
650 0 7 |a banské múzeá  |2 SNKPH  |9 58686 
650 0 7 |a geológia  |2 SNKPH  |9 167377 
650 0 7 |a minerály  |2 SNKPH  |9 843 
650 0 7 |a mineralogické zbierky  |2 SNKPH  |9 22306 
650 0 7 |a múzejné zbierky  |2 SNKPH  |9 69988 
651 7 |a Banská Štiavnica (Slovensko)  |2 SNKPH  |9 16373 
655 7 |a katalógy múzejných zbierok  |2 SNKPH  |9 301813 
700 1 |a Smolková, Athena  |4 aut  |9 537305 
700 1 |a Čelková, Mária,  |d 1950-  |4 aut  |9 98499 
700 1 |a Lužina, Ľubomír,  |d 1962-  |4 pht  |9 235225 
700 1 |a Jancsy, Peter  |4 aut  |4 com  |9 12941 
919 |a 978-80-89151-16-5 
958 |a NB 
999 |c 828873  |d 830803 
952 |a SNK  |b SNK  |y PREZ  |7 0  |p 17A0589639  |o snkOSC 24408  |i snk2008/11535  |8 0  |0 0  |1 0  |4 0  |d 2008-05-29  |l 0  |r 2026-02-24 03:29:50  |w 2026-02-24 
952 |a SNK  |b SNK  |y VYP  |7 0  |p 17A0589640  |o snkOSC 24408 D1  |i snk2008/11536  |8 0  |0 0  |1 0  |4 0  |d 2008-05-29  |l 0  |r 2026-02-24 03:29:50  |w 2026-02-24